| 000 | 00413nam a22001457a 4500 | ||
|---|---|---|---|
| 003 | NUST | ||
| 082 | _a004 | ||
| 100 |
_aSaif, Shahela _934935 |
||
| 245 |
_aFitting Fat Curves: Font Representation using Fat Curves / _cShahela Saif |
||
| 260 |
_aMCS - NUST, _c 2011 |
||
| 300 | _a 38 p. ; 30cm | ||
| 650 |
_aComputer Software Engineering-MS-Thesis _916105 |
||
| 700 |
_aDr. Asif Masood _914088 |
||
| 942 |
_2ddc _cTHE |
||
| 999 |
_c607991 _d607991 |
||